| 000 | 01417nam a2200313 a 4500 | ||
|---|---|---|---|
| 003 | BLK | ||
| 005 | 20250613090353.0 | ||
| 008 | 190118b bu ao|||r|||| 00| | bu d | ||
| 020 | _a9786199113301 | ||
| 040 | _aBLK | ||
| 041 |
_aBUL _cBUL |
||
| 080 |
_9236966 _aПриготвяне на храна(общи въпроси). Рецепти. Готварски книги _b641.55 _z641.55 |
||
| 100 |
_aСубашка, Инес Галинова _91299 |
||
| 245 |
_aВ кухнята с Инес _b55 любими, здравословни рецепти _cИнес Субашка; фотогр. Весела Субашка. |
||
| 260 |
_9392036 _aСофия _bИнспайърд фит стронг _c2018 _f[София] : J-Point |
||
| 300 |
_a137 с. _bс цв. фотогр. _c18х24 см |
||
| 380 | _a62 | ||
| 500 | _aЗдравословни готварски рецепти, включващи предястия, основни ястия и десерти. | ||
| 650 | 7 |
_9169391 _aРецепти |
|
| 650 | 7 |
_9152335 _aГотварство |
|
| 700 |
_9488512 _aСубашка, Весела |
||
| 852 |
_aЦб І 37901 _bЦб |
||
| 852 |
_bП _c641/С 89 И |
||
| 942 |
_cKNG _n0 _03 |
||
| 944 |
_aCR _c2019-01-18 _k30575 _lМартин Енчев |
||
| 944 |
_aED _c2023-07-27 _kСТ |
||
| 999 |
_c328357 _d328357 |
||
| 999 | _d328357 | ||